Access to European Union : law, economics, policies /

Bibliographic Details
Main Author: Moussis, Nicholas
Format: Book
Language:English
Published: Rixensart [Belgium] : European Study Service, 1998.
Edition:8th rev. ed.
Subjects:

MARC

Tag First Indicator Second Indicator Subfields
LEADER 00000cam a2200000 a 4500
001 in00001471413
005 20240221121611.0
008 981124s1998 be b 001 0 eng
010 |a  98223731  
016 7 |a 007134933  |2 Uk 
019 |a 40381718 
020 |a 2930119225 
020 |a 9782930119229 
029 1 |a AU@  |b 000014603071 
029 1 |a HEBIS  |b 084945133 
029 1 |a OHX  |b har005055152 
035 |a (OCoLC)ocm40899704  
035 |a (OCoLC)40899704  |z (OCoLC)40381718 
035 |a (OCoLC)ocm40899704  
040 |a DLC  |b eng  |c DLC  |d OHX  |d TJC  |d BAKER  |d NLGGC  |d BTCTA  |d NTE  |d UKMGB  |d OCLCF  |d OCLCA  |d OCLCQ  |d OCLCO  |d OCLCA  |d SFB  |d OCL  |d OCLCO  |d OCLCL  |d OCLCQ  |d OCLCL 
043 |a e------ 
050 0 0 |a KJE947  |b .M685 1998 
072 7 |a K  |2 lcco 
072 7 |a JN  |2 lcco 
072 7 |a HC  |2 lcco 
082 0 0 |a 341.242/2  |2 21 
084 |a 89.72  |2 bcl 
084 |a 86.86  |2 bcl 
100 1 |a Moussis, Nicholas. 
245 1 0 |a Access to European Union :  |b law, economics, policies /  |c by Nicholas Moussis. 
250 |a 8th rev. ed. 
260 |a Rixensart [Belgium] :  |b European Study Service,  |c 1998. 
300 |a 594 pages ;  |c 24 cm 
336 |a text  |b txt  |2 rdacontent 
337 |a unmediated  |b n  |2 rdamedia 
338 |a volume  |b nc  |2 rdacarrier 
504 |a Includes bibliographical references and index. 
505 0 |a 1. Customs Union -- 2. Common Market -- 3. Economic and Monetary Union -- 4. Regional Development -- 5. Social Progress -- 6. Taxation -- 7. Competition -- 8. Environment -- 9. Industry -- 10. Research -- 11. Energy -- 12. Transport -- 13. Agriculture -- 14. Fisheries -- 15. The European Union and its Citizens -- 16. The European Union in the World 
650 0 |a Law  |z European Union countries. 
610 2 0 |a European Union. 
651 0 |a Europe  |x Economic integration. 
651 6 |a Europe  |x Intégration économique. 
610 2 7 |a European Union.  |2 fast  |0 (OCoLC)fst00916630 
650 7 |a International economic integration.  |2 fast  |0 (OCoLC)fst00976879 
650 7 |a Law.  |2 fast  |0 (OCoLC)fst00993678 
651 7 |a Europe.  |2 fast  |0 (OCoLC)fst01245064  |1 https://id.oclc.org/worldcat/entity/E39PBJxCxPbbk4CPJDQJb4r6rq 
651 7 |a European Union countries.  |2 fast  |0 (OCoLC)fst01269470 
650 1 7 |a Europese integratie.  |2 gtt 
650 1 7 |a Europese Unie.  |2 gtt 
758 |i has work:  |a Acces to European Union (Text)  |1 https://id.oclc.org/worldcat/entity/E39PCYmTVVPy4tV7JCwth8CpHd  |4 https://id.oclc.org/worldcat/ontology/hasWork 
938 |a Baker & Taylor  |b BKTY  |c 55.00  |d 55.00  |i 2930119225  |n 0003210212  |s active 
938 |a Baker and Taylor  |b BTCP  |n 98223731 
938 |a Otto Harrassowitz  |b HARR  |n har005055152 
948 |h HELD BY TXA - 51 OTHER HOLDINGS 
994 |a Z0  |b TXA 
999 f f |s 84f9e755-c48e-317f-b096-de5ccfacaf30  |i 0e8b84e0-db10-3121-9839-6684cdabb883  |t 0 
952 f f |p ric  |a Texas A&M University  |b Rellis Campus  |c Joint Library Facility  |d Remote Storage  |t 0  |e KJE947 .M685 1998  |h Library of Congress classification  |i unmediated -- volume  |m A14823971926 
998 f f |a KJE947 .M685 1998  |t 0  |l Remote Storage